000 01243cac a2200361 i 4500
003 EG-GICUC
005 20260121101429.0
008 980331s2003 enk frb 001 0 eng d
020 _a0582438071
020 _a9780582438071
040 _aMoSU-L
_cMoSU-L
_dDLC
_dEG-GICUC
_beng
_erda
043 _ae-uk---
050 0 0 _aKD3930
_b.W3 1997
082 0 0 _a342.042
_221
092 0 4 _221
099 _aLaw 08 2003
100 1 _aBradley, A. W.
_q(Anthony Wilfred)
245 1 0 _aConstitutional and administrative law /
_cA.W. Bradley and K.D. Ewing.
250 _a13th edition. /
_bby A.W. Bradley and K.D. Ewing.
264 _aLondon ;
_aNew York :
_bLongman,
_c1997.
300 _aliii, 900 page ;
_c24 cm.
336 _atext
_btxt
_2rdacontent
337 _aunmediated
_bn
_2rdamedia
338 _avolume
_bnc
_2rdacarrier
500 _aRev. ed. of: Constitutional and administrative law / E.C.S. Wade and A.W. Bradley.
504 _aIncludes bibliographical references and index.
650 0 _aConstitutional law
_zGreat Britain.
650 0 _aAdministrative law
_zGreat Britain.
700 1 _aEwing, K. D.
_q(Keith D.)
856 4 0 _uhttps://fll.law.cu.edu.eg/fulltext/bks/ENGB08-00082.pdf
905 _a10
942 _2ddc
_cBK
_e21
_n0
999 _c48314
_d48314